00536 2200205 4500001002100000005001500021035002000036007000300056008004100059020001800100082000800118084001400126100001900140245006800159250001000227260003400237300003900271600001200310990000800322INLIS00000000000398320190821085149 a0010-0819000126ta190821 g 0 ind  a979-3806-65-6 a300 a300 DIA r0 aDIANAWATI,Ajen1 aRangkuman Pengetahuan Umum Lengkap ( RPUL )Sd /cAjen Dianawati acet.1 aJakarta :bWahyu Media,c2004 a334 hlm :b.ilus ;c23,5 x 15,5 cm 4aRPUL SD a366